[Event "Titled Tuesday intern op 06th Feb Early"]
[Site "Chess.com INT"]
[Date "2024.02.06"]
[Round "2"]
[White "Darmanin, Jake"]
[Black "Hindermann, Felix"]
[Result "1-0"]
[WhiteElo "2091"]
[BlackElo "2289"]
[PlyCount "47"]
[EventDate "2024.02.06"]
[EventType "swiss (blitz)"]
[EventRounds "11"]
[EventCountry "USA"]
[SourceTitle "CB07_2024"]
[SourceDate "2024.02.14"]
[SourceVersion "1"]
[SourceVersionDate "2024.02.14"]
[SourceQuality "1"]

1. e4 e6 2. d4 d5 3. Nc3 Bb4 4. Nge2 Nc6 5. exd5 exd5 6. Qd3 Nge7 7. Bg5 f6 8. Bh4 Bf5 9. Qd2 0-0 10. 0-0-0 Qd7 11. h3 Bg6 12. g4 f5 13. f3 Rae8 14. Nf4 a5 15. a3 Bd6 16. Nfxd5 Nxd5 17. Nxd5 Bxa3 18. Bc4 Bxb2+ 19. Kxb2 Kh8 20. Rhe1 Bf7 21. Rxe8 Rxe8 22. Nf6 gxf6 23. Bxf6+ Kg8 24. Qg5+ 1-0

[Event "Titled Tuesday intern op 09th May Early"]
[Site "Chess.com INT"]
[Date "2023.05.09"]
[Round "3"]
[White "Hindermann, Felix"]
[Black "Juknis, Paulius"]
[Result "0-1"]
[WhiteElo "2289"]
[BlackElo "2115"]
[PlyCount "120"]
[EventDate "2023.05.09"]
[EventType "swiss (blitz)"]
[EventRounds "11"]
[EventCountry "USA"]
[SourceTitle "CBM 214 Extra"]
[Source "ChessBase"]
[SourceDate "2023.07.31"]
[SourceVersion "1"]
[SourceVersionDate "2023.07.31"]
[SourceQuality "1"]

1. e4 c5 2. c3 e6 3. d4 d5 4. e5 Nc6 5. Be3 Bd7 6. Nf3 f6 7. Bd3 fxe5 8. dxe5 Qc7 9. 0-0 Nxe5 10. Nxe5 Qxe5 11. Nd2 0-0-0 12. Nf3 Qc7 13. c4 d4 14. Bg5 Nf6 15. a3 h6 16. Bh4 e5 17. Re1 Bd6 18. b4 Rde8 19. Nd2 g5 20. Bg3 h5 21. f3 h4 22. Bf2 g4 23. Ne4 Nxe4 24. Bxe4 gxf3 25. Qxf3 Ref8 26. Qd3 Bc6 27. bxc5 Bxc5 28. Rab1 Rf4 29. Bxc6 Qxc6 30. Rxe5 Rg8 31. Rd5 Rfg4 32. Qf3 Rxg2+ 33. Qxg2 Rxg2+ 34. Kxg2 Qg6+ 35. Kf3 Qxb1 36. Rxc5+ Kd7 37. Bxd4 Qd3+ 38. Be3 Qxa3 39. Rd5+ Ke6 40. Ke4 Qc3 41. Rd4 Qc2+ 42. Kf4 Qxh2+ 43. Ke4 Qg2+ 44. Kd3 h3 45. Bf4 h2 46. Bxh2 Qxh2 47. c5 Qg3+ 48. Kc4 Qa3 49. Rd6+ Ke7 50. Rd3 Qa4+ 51. Kd5 Qd7+ 52. Kc4 Qxd3+ 53. Kxd3 Kd7 54. Kc3 Kc6 55. Kc4 a6 56. Kd4 Kb5 57. Kd5 a5 58. Kd4 a4 59. c6 bxc6 60. Kc3 c5 0-1

[Event "Mitropa Cup"]
[Site "Mali Losinj"]
[Date "2023.04.16"]
[Round "6.4"]
[White "Lumachi, Gabriele"]
[Black "Hindermann, Felix"]
[Result "1-0"]
[WhiteElo "2357"]
[BlackElo "2297"]
[PlyCount "87"]
[EventDate "2023.04.11"]
[EventType "team-tourn"]
[EventRounds "9"]
[EventCountry "CRO"]
[SourceTitle "CBM 213 Extra"]
[Source "ChessBase"]
[SourceDate "2023.05.31"]
[SourceVersion "1"]
[SourceVersionDate "2023.05.31"]
[SourceQuality "1"]
[WhiteTeam "Italy"]
[BlackTeam "Switzerland"]
[WhiteTeamCountry "ITA"]
[BlackTeamCountry "SUI"]

1. d4 e6 2. c4 b6 3. g3 Bb7 4. Nf3 Bb4+ 5. Bd2 a5 6. Bg2 Nf6 7. 0-0 0-0 8. Nc3 Bxc3 9. Bxc3 Ne4 10. Be1 f5 11. Qc2 Qf6 12. Rd1 Na6 13. a3 g5 14. Ne5 Qg7 15. f3 Nf6 16. Bc3 d6 17. Nd3 h5 18. Rde1 Qg6 19. e3 Rf7 20. Qe2 Raf8 21. b4 axb4 22. axb4 c5 23. Ra1 cxd4 24. exd4 Nc7 25. c5 Nfd5 26. Bb2 Ba6 27. cxd6 Bxd3 28. Qxd3 Ne8 29. b5 Nxd6 30. Ba3 Rd8 31. Rac1 Kg7 32. Rc6 Rfd7 33. Re1 Qf6 34. f4 gxf4 35. Bxd5 exd5 36. Rxb6 f3 37. Bxd6 Rxd6 38. Rxd6 Rxd6 39. Re5 Re6 40. Qxf5 f2+ 41. Kxf2 Rxe5 42. Qxf6+ Kxf6 43. dxe5+ Kxe5 44. Ke3 1-0

[Event "Titled Tuesday intern op 28th Mar Early"]
[Site "Chess.com INT"]
[Date "2023.03.28"]
[Round "3"]
[White "Cuenca Jimenez, Jose Fernando"]
[Black "Hindermann, Felix"]
[Result "1-0"]
[WhiteElo "2553"]
[BlackElo "2297"]
[PlyCount "97"]
[EventDate "2023.03.28"]
[EventType "swiss (blitz)"]
[EventRounds "11"]
[EventCountry "USA"]
[SourceTitle "EXT 2024"]
[Source "ChessBase"]
[SourceDate "2023.10.10"]
[SourceVersion "1"]
[SourceVersionDate "2023.10.10"]
[SourceQuality "1"]

1. c4 b6 2. d4 Bb7 3. Nc3 e6 4. Nf3 Bb4 5. g3 f5 6. Bg2 Nf6 7. Bd2 0-0 8. 0-0 Qe8 9. e3 Bxc3 10. Bxc3 Ne4 11. Qc2 d6 12. Nd2 Qg6 13. b4 Nd7 14. Rad1 Nxc3 15. Qxc3 Bxg2 16. Kxg2 Nf6 17. f3 Qh5 18. Qd3 g5 19. e4 g4 20. f4 a5 21. b5 Rae8 22. Rfe1 Qg6 23. e5 dxe5 24. dxe5 Rd8 25. Qe3 Nd7 26. Nb3 a4 27. Nd4 Nc5 28. Nc6 Rde8 29. Rd4 h5 30. Red1 h4 31. Nb4 Qh7 32. Nd3 hxg3 33. Qxg3 Ne4 34. Qe3 Re7 35. Nf2 Nxf2 36. Qxf2 Qh3+ 37. Kg1 Qc3 38. Qg3 Qc2 39. R1d2 Qb1+ 40. Kg2 Rh7 41. Qd3 Qe1 42. Qe2 Qb1 43. Qd3 Qe1 44. Qe2 Qb1 45. R4d3 Qb4 46. Rc2 Qc5 47. Rg3 Rd8 48. h3 Rd4 49. hxg4 1-0

[Event "Titled Tuesday intern op 28th Mar Early"]
[Site "Chess.com INT"]
[Date "2023.03.28"]
[Round "2"]
[White "Hindermann, Felix"]
[Black "Tarnowska, Aleksandra"]
[Result "1-0"]
[WhiteElo "2297"]
[BlackElo "1835"]
[PlyCount "149"]
[EventDate "2023.03.28"]
[EventType "swiss (blitz)"]
[EventRounds "11"]
[EventCountry "USA"]
[SourceTitle "EXT 2024"]
[Source "ChessBase"]
[SourceDate "2023.10.10"]
[SourceVersion "1"]
[SourceVersionDate "2023.10.10"]
[SourceQuality "1"]

1. e4 c5 2. c3 d5 3. exd5 Qxd5 4. d4 e6 5. Nf3 Nf6 6. Na3 a6 7. Nc4 Nbd7 8. Bg5 cxd4 9. Qxd4 Bc5 10. Qxd5 Nxd5 11. Bh4 b5 12. Na5 b4 13. c4 Nf4 14. Bg3 Nh5 15. Bd3 Nxg3 16. hxg3 Bb6 17. Be4 Ra7 18. Nb3 h6 19. 0-0-0 Bb7 20. Bxb7 Rxb7 21. Rhf1 Rc7 22. Nbd2 0-0 23. b3 a5 24. Kc2 a4 25. Ne4 axb3+ 26. axb3 Nc5 27. Nxc5 Bxc5 28. Ne5 Ra8 29. Nd3 Be7 30. Ra1 Rca7 31. Rxa7 Rxa7 32. Ne5 Bf6 33. Nc6 Ra2+ 34. Kd3 Rb2 35. c5 Rxb3+ 36. Kc4 Rb2 37. Nxb4 Be7 38. g4 Rc2+ 39. Kb3 Rxc5 40. Nd3 Rb5+ 41. Kc4 Ra5 42. f3 Ra4+ 43. Kb3 Rd4 44. Kc2 g6 45. Rb1 Kg7 46. Rb7 Bf6 47. Kd2 Rd8 48. Ke3 Ra8 49. Nc5 Ra3+ 50. Ke4 Ra8 51. Nxe6+ Kg8 52. Nc7 Rc8 53. Nd5 Re8+ 54. Kd3 Bg7 55. f4 Rd8 56. Kc4 Kf8 57. f5 Rc8+ 58. Kb5 gxf5 59. gxf5 Rd8 60. Kc6 f6 61. Nc7 Rd2 62. Ne6+ Ke8 63. Rxg7 Rc2+ 64. Kd6 Rd2+ 65. Kc6 Rc2+ 66. Kd5 Rd2+ 67. Ke4 Re2+ 68. Kf3 Re5 69. g4 h5 70. Rg6 hxg4+ 71. Kxg4 Re4+ 72. Kh5 Ke7 73. Rg7+ Ke8 74. Kg6 Rf4 75. Nxf4 1-0

[Event "Titled Tuesday intern op 21st Mar Late"]
[Site "Chess.com INT"]
[Date "2023.03.21"]
[Round "4"]
[White "Karas, Marek"]
[Black "Hindermann, Felix"]
[Result "0-1"]
[WhiteElo "2236"]
[BlackElo "2297"]
[PlyCount "74"]
[EventDate "2023.03.21"]
[EventType "swiss (blitz)"]
[EventRounds "11"]
[EventCountry "USA"]
[SourceTitle "EXT 2024"]
[Source "ChessBase"]
[SourceDate "2023.10.10"]
[SourceVersion "1"]
[SourceVersionDate "2023.10.10"]
[SourceQuality "1"]

1. d4 e6 2. c4 b6 3. Nf3 Bb7 4. a3 f5 5. Nc3 Nf6 6. Bg5 h6 7. Bf4 d6 8. e3 g5 9. Bg3 Nbd7 10. Bd3 Bg7 11. d5 exd5 12. Bxf5 dxc4 13. Bg6+ Kf8 14. h4 g4 15. Nd4 Nc5 16. 0-0 h5 17. Na4 Qd7 18. Nxc5 bxc5 19. Nf5 Be4 20. Nxg7 Bxg6 21. e4 Kxg7 22. e5 Ne4 23. Qc1 Raf8 24. exd6 cxd6 25. Qxc4 d5 26. Qc1 d4 27. Kh2 Nxg3 28. fxg3 Qd6 29. Re1 Re8 30. Qg5 Rhf8 31. Rf1 d3 32. Rae1 Rxe1 33. Rxe1 d2 34. Rd1 Rf2 35. Qe3 Qd4 36. Qe7+ Rf7 37. Qg5 Rd7 0-1

[Event "Titled Tuesday intern op 7th Mar Early"]
[Site "Chess.com INT"]
[Date "2023.03.07"]
[Round "1"]
[White "Hindermann, Felix"]
[Black "Aldokhin, Ivan"]
[Result "0-1"]
[WhiteElo "2297"]
[BlackElo "2413"]
[PlyCount "124"]
[EventDate "2023.03.07"]
[EventType "swiss (blitz)"]
[EventRounds "11"]
[EventCountry "USA"]
[SourceTitle "EXT 2024"]
[Source "ChessBase"]
[SourceDate "2023.10.10"]
[SourceVersion "1"]
[SourceVersionDate "2023.10.10"]
[SourceQuality "1"]

1. e4 c5 2. c3 e6 3. d4 cxd4 4. cxd4 d5 5. e5 Nc6 6. Nf3 Nge7 7. Bd3 Nf5 8. Bxf5 exf5 9. Nc3 Be6 10. 0-0 Be7 11. Be3 g5 12. Ne1 f4 13. Bc1 Qb6 14. Nc2 Rd8 15. b4 Bf5 16. Na4 Qb5 17. Nc5 Bxc2 18. Qxc2 Nxd4 19. Qd3 Bxc5 20. Qxb5+ Nxb5 21. bxc5 Kd7 22. a4 Nd4 23. Bb2 Ne6 24. Rab1 Kc6 25. Bc3 d4 26. Ba5 Rd5 27. Rb5 Rxc5 28. Rfb1 b6 29. Bb4 Rxb5 30. axb5+ Kxb5 31. Kf1 Kc6 32. Ke2 Kd5 33. Bd6 Rc8 34. Rb5+ Ke4 35. f3+ Kf5 36. g4+ fxg3 37. hxg3 h5 38. Rb1 Rc2+ 39. Kd3 Rc3+ 40. Ke2 g4 41. fxg4+ hxg4 42. Rf1+ Rf3 43. Rh1 d3+ 44. Kd2 Ke4 45. Re1+ Kd4 46. Ra1 Rf2+ 47. Ke1 Ke3 48. Bb4 a5 49. Bc3 Ng5 50. Kd1 Rf1+ 51. Be1 Nf3 52. Kc1 Rxe1+ 53. Kb2 Rxa1 54. Kxa1 d2 55. Ka2 d1Q 56. e6 Qc2+ 57. Ka3 Qc3+ 58. Ka2 fxe6 59. Kb1 Qd2 60. Ka1 Kd3 61. Kb1 Kc3 62. Ka1 Qb2# 0-1

[Event "Titled Tuesday intern op 7th Mar Early"]
[Site "Chess.com INT"]
[Date "2023.03.07"]
[Round "3"]
[White "Hindermann, Felix"]
[Black "Araujo, Everson de Moura"]
[Result "1-0"]
[WhiteElo "2297"]
[BlackElo "1944"]
[PlyCount "61"]
[EventDate "2023.03.07"]
[EventType "swiss (blitz)"]
[EventRounds "11"]
[EventCountry "USA"]
[SourceTitle "EXT 2024"]
[Source "ChessBase"]
[SourceDate "2023.10.10"]
[SourceVersion "1"]
[SourceVersionDate "2023.10.10"]
[SourceQuality "1"]

1. e4 e6 2. d4 d5 3. e5 c5 4. c3 Nc6 5. Be3 Qb6 6. Qd2 cxd4 7. cxd4 Bd7 8. Nc3 Rc8 9. Nf3 Nge7 10. Bd3 Nb4 11. Bb1 Ng6 12. h4 Nc6 13. h5 Nge7 14. h6 g6 15. Bg5 Nf5 16. Bf6 Rg8 17. Bxf5 gxf5 18. g3 Be7 19. Bxe7 Nxe7 20. Ng5 Nc6 21. Nxh7 Nxd4 22. Nf6+ Kd8 23. h7 Rh8 24. Qh6 Qxb2 25. 0-0 Qxc3 26. Qg7 Ke7 27. Nxd5+ exd5 28. Qf6+ Ke8 29. Qxh8+ Ke7 30. Qf6+ Ke8 31. h8Q# 1-0

[Event "Titled Tuesday intern op 7th Mar Early"]
[Site "Chess.com INT"]
[Date "2023.03.07"]
[Round "5"]
[White "Hindermann, Felix"]
[Black "Kozin, Yuri"]
[Result "1-0"]
[WhiteElo "2297"]
[BlackElo "2251"]
[PlyCount "59"]
[EventDate "2023.03.07"]
[EventType "swiss (blitz)"]
[EventRounds "11"]
[EventCountry "USA"]
[SourceTitle "EXT 2024"]
[Source "ChessBase"]
[SourceDate "2023.10.10"]
[SourceVersion "1"]
[SourceVersionDate "2023.10.10"]
[SourceQuality "1"]

1. e4 c5 2. c3 Nf6 3. e5 Nd5 4. d4 cxd4 5. Qxd4 e6 6. Nf3 Nc6 7. Qe4 d6 8. Bb5 Bd7 9. c4 Nc7 10. exd6 Bxd6 11. 0-0 a6 12. Ba4 b5 13. Rd1 Qe7 14. Bc2 bxc4 15. Nbd2 Nd5 16. Nxc4 Bc7 17. Qg4 g6 18. Bg5 f6 19. Bh6 Ncb4 20. Bb3 e5 21. Qh4 Be6 22. a3 Nc6 23. Ncxe5 Nxe5 24. Nxe5 Bxe5 25. Bxd5 Bxd5 26. Rxd5 Bxb2 27. Rad1 Be5 28. Qa4+ Kf7 29. Rd7 Rhe8 30. Qc4# 1-0

[Event "Titled Tuesday intern op 25th Jan"]
[Site "Chess.com INT"]
[Date "2022.01.25"]
[Round "1"]
[White "Guz, Ari"]
[Black "Hindermann, Felix"]
[Result "1-0"]
[WhiteElo "2318"]
[BlackElo "2293"]
[PlyCount "89"]
[EventDate "2022.01.25"]
[EventType "swiss (blitz)"]
[EventRounds "11"]
[EventCountry "USA"]
[SourceTitle "CBM 206 Extra"]
[Source "ChessBase"]
[SourceDate "2022.03.31"]
[SourceVersion "1"]
[SourceVersionDate "2022.03.31"]
[SourceQuality "1"]

1. b3 b6 2. Bb2 Bb7 3. Nf3 e6 4. e3 f5 5. Be2 Nf6 6. 0-0 Bd6 7. d4 0-0 8. c4 Qe8 9. Ne5 Nc6 10. Bf3 Bxe5 11. dxe5 Ne4 12. Nd2 Nb4 13. Qe2 Nxd2 14. Bxb7 Nxf1 15. Bxa8 Nxe3 16. Qxe3 Qxa8 17. Qd2 c5 18. Qxd7 Qc6 19. Qxa7 Rd8 20. Bc3 h6 21. Bxb4 cxb4 22. Qe7 Rd2 23. Qxb4 Qd7 24. h3 Qd4 25. Rf1 Rxa2 26. Qe7 Qxe5 27. Qd8+ Kh7 28. Qxb6 Rb2 29. c5 Qd5 30. b4 Rc2 31. Qa6 e5 32. Qc8 e4 33. Qe8 Rb2 34. c6 Rxb4 35. c7 e3 36. c8Q exf2+ 37. Rxf2 Rb1+ 38. Kh2 Qd6+ 39. g3 Qd5 40. Qxf5+ Qxf5 41. Rxf5 Rb2+ 42. Kg1 Rb6 43. Qe4 Rg6 44. Rd5 h5 45. Rxh5+ 1-0

[Event "Titled Tuesday intern op 14th Dec"]
[Site "Chess.com INT"]
[Date "2021.12.14"]
[Round "1"]
[White "Laxman, Rajaram"]
[Black "Hindermann, Felix"]
[Result "1-0"]
[WhiteElo "2428"]
[BlackElo "2293"]
[PlyCount "47"]
[EventDate "2021.12.14"]
[EventType "swiss (blitz)"]
[EventRounds "11"]
[EventCountry "USA"]
[SourceTitle "EXT 2023"]
[Source "ChessBase"]
[SourceDate "2022.10.05"]
[SourceVersion "1"]
[SourceVersionDate "2022.10.05"]
[SourceQuality "1"]

1. d4 e6 2. Nf3 f5 3. c4 b6 4. g3 Bb7 5. Bg2 Nf6 6. 0-0 g6 7. Nc3 Bg7 8. d5 0-0 9. Nd4 Re8 10. dxe6 Bxg2 11. exd7 Bxf1 12. dxe8Q+ Nxe8 13. e3 Bxc4 14. Qf3 Bxd4 15. exd4 c6 16. Bh6 Bd5 17. Qe3 Bf7 18. Re1 Nd7 19. d5 cxd5 20. Qd4 Qf6 21. Qf4 d4 22. Nb5 a6 23. Nxd4 Qd6 24. Rxe8+ 1-0

[Event "Titled Tuesday intern op 07th Dec"]
[Site "Chess.com INT"]
[Date "2021.12.07"]
[Round "1"]
[White "Svane, Rasmus"]
[Black "Hindermann, Felix"]
[Result "1-0"]
[WhiteElo "2637"]
[BlackElo "2293"]
[PlyCount "95"]
[EventDate "2021.12.07"]
[EventType "swiss (blitz)"]
[EventRounds "11"]
[EventCountry "USA"]
[SourceTitle "CBM 205 Extra"]
[Source "ChessBase"]
[SourceDate "2022.01.31"]
[SourceVersion "1"]
[SourceVersionDate "2022.01.31"]
[SourceQuality "1"]

1. Nf3 e6 2. g3 b6 3. Bg2 Bb7 4. 0-0 f5 5. d3 Nf6 6. e4 g6 7. e5 Ng4 8. h3 Nh6 9. Bg5 Qc8 10. Bf6 Rg8 11. Ng5 Bxg2 12. Kxg2 Qb7+ 13. Kh2 Nc6 14. Nxh7 Be7 15. Qd2 Nf7 16. Bxe7 Kxe7 17. d4 g5 18. Nc3 Rh8 19. Nf6 Ncxe5 20. dxe5 Nxe5 21. Nfd5+ Kf7 22. f4 Ng4+ 23. Kg2 exd5 24. Qxd5+ Qxd5+ 25. Nxd5 Nf6 26. Rad1 gxf4 27. Rxf4 Nxd5 28. Rxd5 Ke6 29. Rdxf5 d6 30. Rf7 c5 31. c4 Rh6 32. h4 Rg8 33. Kh3 d5 34. cxd5+ Kxd5 35. Rxa7 Rhg6 36. g4 Re6 37. Rd7+ Kc6 38. Rd2 Re3+ 39. Kg2 b5 40. g5 c4 41. a3 Kc5 42. Rf5+ Kc6 43. h5 Rge8 44. g6 R8e4 45. Rg5 Rd3 46. Rf2 Re1 47. g7 Rdd1 48. g8Q 1-0

[Event "Titled Tuesday intern op 23rd Nov"]
[Site "Chess.com INT"]
[Date "2021.11.23"]
[Round "1"]
[White "Hindermann, Felix"]
[Black "Tsydypov, Zhamsaran"]
[Result "0-1"]
[WhiteElo "2293"]
[BlackElo "2526"]
[PlyCount "98"]
[EventDate "2021.11.23"]
[EventType "swiss (blitz)"]
[EventRounds "11"]
[EventCountry "USA"]
[SourceTitle "CBM 205 Extra"]
[Source "ChessBase"]
[SourceDate "2022.01.31"]
[SourceVersion "1"]
[SourceVersionDate "2022.01.31"]
[SourceQuality "1"]

1. e4 c5 2. c3 Nf6 3. e5 Nd5 4. d4 cxd4 5. Qxd4 Nc7 6. Qh4 Nc6 7. Nf3 Ne6 8. Bc4 Qc7 9. Bxe6 dxe6 10. Bf4 b6 11. Na3 Ba6 12. 0-0-0 Nb4 13. Kb1 Nd5 14. Rxd5 exd5 15. e6 Qc8 16. exf7+ Kxf7 17. Ne5+ Kg8 18. Nc2 Qf5 19. Kc1 g5 20. Qxg5+ Qxg5 21. Bxg5 h6 22. Bh4 Kh7 23. Nd4 Rg8 24. Bg3 h5 25. Re1 Bh6+ 26. Kc2 h4 27. Bxh4 Rxg2 28. Bg3 Bf4 29. Bxf4 Rxf2+ 30. Bd2 Rg8 31. Nef3 Rg7 32. h4 Bc8 33. Ng5+ Kg6 34. Nge6 Rgf7 35. Kd3 Ba6+ 36. Kc2 Kh5 37. Rg1 Kxh4 38. Kc1 Rf1+ 39. Be1+ Kh3 40. Ng5+ Kh2 41. Nxf7 Kxg1 42. Kd2 Rxf7 43. b3 e5 44. Nc6 e4 45. Ne5 Rg7 46. c4 d4 47. Bh4 Rg2+ 48. Ke1 d3 49. Bg5 Rxg5 0-1

[Event "Titled Tuesday intern op 14th Sept"]
[Site "Chess.com INT"]
[Date "2021.09.14"]
[Round "10"]
[White "Dvirnyy, Danyyil"]
[Black "Hindermann, Felix"]
[Result "1-0"]
[WhiteElo "2488"]
[BlackElo "2293"]
[PlyCount "129"]
[EventDate "2021.09.14"]
[EventType "swiss (blitz)"]
[EventRounds "11"]
[EventCountry "USA"]
[SourceTitle "EXT 2022"]
[Source "ChessBase"]
[SourceDate "2021.10.06"]
[SourceVersion "1"]
[SourceVersionDate "2021.10.06"]
[SourceQuality "1"]

1. c4 b6 2. e4 e6 3. Nc3 Bb7 4. g3 Bb4 5. Nge2 f5 6. d3 Nf6 7. Bg2 fxe4 8. 0-0 0-0 9. dxe4 e5 10. h3 Na6 11. Kh2 Nc5 12. Qc2 Ne6 13. Be3 Bc5 14. Rad1 Bxe3 15. fxe3 a5 16. Nd5 Nc5 17. b3 c6 18. Ndc3 Qe7 19. g4 g6 20. Ng3 Rf7 21. g5 Ne8 22. Rxf7 Qxf7 23. Rf1 Qe7 24. h4 Nd6 25. Rd1 Rf8 26. Qd2 Ne8 27. Rf1 Rxf1 28. Nxf1 Nd6 29. Qe2 Ba6 30. Nd2 b5 31. cxb5 Nxb5 32. Qc4+ Kg7 33. Nxb5 Bxb5 34. Qc3 a4 35. bxa4 Nxa4 36. Qc2 Qc5 37. Qxc5 Nxc5 38. Kg3 Kf7 39. Bh3 Ke7 40. Kf2 Kd6 41. Bg4 Bd3 42. Bf3 Kc7 43. Ke1 Kb6 44. Kd1 Kb5 45. Kc1 Kb4 46. Kb2 Na4+ 47. Kc1 Kc3 48. h5 Nc5 49. h6 Bc2 50. Nb1+ Bxb1 51. Kxb1 Kd2 52. Bh5 Ne6 53. Bxg6 Nxg5 54. Bf5 d6 55. a4 Kxe3 56. a5 d5 57. a6 d4 58. a7 c5 59. a8Q c4 60. Qa6 c3 61. Kc2 Nf3 62. Qd3+ Kf2 63. Kd1 Kg3 64. Bxh7 Kf4 65. Bf5 1-0

[Event "Titled Tuesday intern op 14th Sept"]
[Site "Chess.com INT"]
[Date "2021.09.14"]
[Round "4"]
[White "Florescu, Codrut Constantin"]
[Black "Hindermann, Felix"]
[Result "1/2-1/2"]
[WhiteElo "2293"]
[BlackElo "2293"]
[PlyCount "109"]
[EventDate "2021.09.14"]
[EventType "swiss (blitz)"]
[EventRounds "11"]
[EventCountry "USA"]
[SourceTitle "EXT 2022"]
[Source "ChessBase"]
[SourceDate "2021.10.06"]
[SourceVersion "1"]
[SourceVersionDate "2021.10.06"]
[SourceQuality "1"]

1. d4 e6 2. Bf4 b6 3. e3 Bb7 4. Nf3 f5 5. Nbd2 Nf6 6. Bd3 g6 7. h3 Bg7 8. g4 d6 9. gxf5 exf5 10. Rg1 Qe7 11. Qe2 Nc6 12. c3 0-0-0 13. 0-0-0 Qf7 14. Bc4 d5 15. Ba6 Ne4 16. Bxb7+ Kxb7 17. Kb1 Ne7 18. Ne5 Qe6 19. f3 Nxd2+ 20. Qxd2 Nc8 21. Nd3 Nd6 22. b3 Rhe8 23. Be5 Rd7 24. h4 Bh6 25. Nf4 Qf7 26. Nh3 Qe6 27. Ng5 Qg8 28. h5 Nf7 29. Nxf7 Qxf7 30. hxg6 hxg6 31. f4 Qe6 32. Qg2 Rg8 33. c4 c6 34. Rc1 g5 35. cxd5 Rxd5 36. fxg5 Rxg5 37. Qf3 Rg4 38. Rxg4 fxg4 39. Qe4 Bg7 40. Rh1 Bxe5 41. Rh7+ Ka6 42. Rh5 g3 43. Rg5 Qf6 44. Rxe5 Qf1+ 45. Kb2 Qe2+ 46. Kc3 Qe1+ 47. Kb2 Qd2+ 48. Kb1 Rxe5 49. dxe5 g2 50. Qc4+ Kb7 51. Qf7+ Ka6 52. Qc4+ Kb7 53. Qf7+ Kb8 54. Qg8+ Kb7 55. Qf7+ 1/2-1/2

[Event "Titled Tuesday intern op 14th Sept"]
[Site "Chess.com INT"]
[Date "2021.09.14"]
[Round "7"]
[White "Koellner, Ruben Gideon"]
[Black "Hindermann, Felix"]
[Result "0-1"]
[WhiteElo "2441"]
[BlackElo "2293"]
[PlyCount "46"]
[EventDate "2021.09.14"]
[EventType "swiss (blitz)"]
[EventRounds "11"]
[EventCountry "USA"]
[SourceTitle "EXT 2022"]
[Source "ChessBase"]
[SourceDate "2021.10.06"]
[SourceVersion "1"]
[SourceVersionDate "2021.10.06"]
[SourceQuality "1"]

1. d4 e6 2. Nf3 b6 3. Nbd2 f5 4. e4 fxe4 5. Nxe4 Bb7 6. Bd3 Nf6 7. Bg5 Be7 8. Bxf6 Bxf6 9. c3 0-0 10. Qe2 Nc6 11. h4 Ne7 12. g4 Ng6 13. Neg5 Nf4 14. Bxh7+ Kh8 15. Qc2 Ng2+ 16. Kf1 Nf4 17. Rh2 c5 18. dxc5 Qc7 19. Bg8 g6 20. Bf7 Kg7 21. h5 Rxf7 22. hxg6 Nxg6 23. Rh7+ Kf8 0-1

[Event "Titled Tuesday intern op 15st Dec"]
[Site "Chess.com INT"]
[Date "2020.12.15"]
[Round "1"]
[White "Hindermann, Felix"]
[Black "Hess, Robert L"]
[Result "0-1"]
[WhiteElo "2293"]
[BlackElo "2591"]
[PlyCount "76"]
[EventDate "2020.12.15"]
[EventType "swiss (blitz)"]
[EventRounds "11"]
[EventCountry "USA"]
[SourceTitle "CBM 199 Extra"]
[Source "ChessBase"]
[SourceDate "2021.01.31"]
[SourceVersion "1"]
[SourceVersionDate "2021.01.31"]
[SourceQuality "1"]

1. e4 g6 2. d4 Bg7 3. Nc3 a6 4. f4 b5 5. Nf3 Bb7 6. Bd3 Nc6 7. d5 Na5 8. 0-0 c6 9. dxc6 Nxc6 10. Kh1 d6 11. Be3 Nf6 12. Qe1 0-0 13. Qh4 Nb4 14. f5 Qd7 15. Bh6 Nxd3 16. cxd3 Nh5 17. Bxg7 Kxg7 18. g4 Nf6 19. Ne2 e5 20. g5 Ng8 21. Ng3 f6 22. Qg4 Qe7 23. h4 Kh8 24. h5 fxg5 25. Nxg5 Nf6 26. Qh4 gxh5 27. Nxh5 Nxh5 28. Qxh5 d5 29. Rae1 dxe4 30. dxe4 Rf6 31. Rf2 Rg8 32. Rh2 Rg7 33. Nf3 Rgf7 34. Ng5 Rg7 35. Nf3 Qf7 36. Ng5 Qxh5 37. Rxh5 Rxf5 38. Ne6 Rxh5# 0-1

[Event "Titled Tuesday intern op 15st Dec"]
[Site "Chess.com INT"]
[Date "2020.12.15"]
[Round "3"]
[White "Liyanage, Ranindu Dilshan"]
[Black "Hindermann, Felix"]
[Result "1-0"]
[WhiteElo "2178"]
[BlackElo "2293"]
[PlyCount "71"]
[EventDate "2020.12.15"]
[EventType "swiss (blitz)"]
[EventRounds "11"]
[EventCountry "USA"]
[SourceTitle "CBM 199 Extra"]
[Source "ChessBase"]
[SourceDate "2021.01.31"]
[SourceVersion "1"]
[SourceVersionDate "2021.01.31"]
[SourceQuality "1"]

1. e4 e6 2. d4 d5 3. Nd2 Nc6 4. Ngf3 Nf6 5. e5 Nd7 6. c4 dxc4 7. Nxc4 Nb6 8. a3 Bd7 9. Nxb6 axb6 10. Bc4 Na5 11. Bd3 b5 12. 0-0 Nc4 13. Qe2 Bc6 14. Be3 Be7 15. Bxc4 bxc4 16. Qxc4 Bxf3 17. gxf3 c6 18. Kh1 0-0 19. Rg1 g6 20. Rg3 Qa5 21. Rag1 Rfd8 22. Qc2 Qd5 23. Qe4 Ra4 24. Qf4 Bf8 25. Rh3 Rxd4 26. Bxd4 Qxd4 27. Qg5 Rd5 28. Qf6 Bg7 29. Qe7 Bxe5 30. Qe8+ Kg7 31. Rxh7+ Kxh7 32. Qxf7+ Bg7 33. Qxg6+ Kg8 34. Qe8+ Kh7 35. Rg3 Qd1+ 36. Kg2 1-0

[Event "Titled Tuesday intern op 27th Oct"]
[Site "Chess.com INT"]
[Date "2020.10.27"]
[Round "9"]
[White "Hindermann, Felix"]
[Black "Nouri, Alekhine"]
[Result "0-1"]
[WhiteElo "2293"]
[BlackElo "2291"]
[PlyCount "132"]
[EventDate "2020.10.27"]
[EventType "swiss (blitz)"]
[EventRounds "11"]
[EventCountry "USA"]
[SourceTitle "CBM 199 Extra"]
[Source "ChessBase"]
[SourceDate "2021.01.31"]
[SourceVersion "1"]
[SourceVersionDate "2021.01.31"]
[SourceQuality "1"]

1. e4 c5 2. c3 Nf6 3. e5 Nd5 4. d4 cxd4 5. Qxd4 Nc7 6. Qh4 Nc6 7. Nf3 d6 8. Bf4 Nd5 9. Bg3 dxe5 10. Nxe5 Nxe5 11. Bxe5 Qb6 12. Qd4 e6 13. Qxb6 Nxb6 14. Nd2 f6 15. Bg3 e5 16. Bb5+ Bd7 17. Bxd7+ Kxd7 18. 0-0-0 Kc6 19. f4 exf4 20. Bxf4 Nd5 21. g3 Nxf4 22. gxf4 Bd6 23. f5 Rhe8 24. Rhg1 Bf4 25. Rxg7 Re2 26. Rg4 Rf2 27. Rxf4 Rxf4 28. Nb3 Rg8 29. Nd4+ Kb6 30. Rd2 h5 31. Kc2 h4 32. a4 a6 33. b4 h3 34. a5+ Ka7 35. Kb3 Rg2 36. Rd3 Rxh2 37. Kc4 Rh1 38. Kc5 h2 39. Rh3 Rc1 40. Nc6+ bxc6 41. Rh7+ Kb8 42. Kb6 Kc8 43. Rxh2 Rxc3 44. Kxa6 Rxb4 45. Rh6 Rb8 46. Rxf6 Ra8+ 47. Kb6 Rb3+ 48. Kc5 Rxa5+ 49. Kd6 Rd3+ 50. Kxc6 Ra6+ 51. Kb5 Rxf6 52. Kc4 Rf3 53. Kd4 R3xf5 54. Ke4 Kd7 55. Ke3 Ke6 56. Ke4 Re5+ 57. Kd3 Rf7 58. Kc4 Rd7 59. Kb3 Kd6 60. Ka4 Rc5 61. Kb4 Kc6 62. Kb3 Rb7+ 63. Ka4 Rb6 64. Ka3 Kb7 65. Ka2 Ka6 66. Ka3 Ra5# 0-1